[Event "MCRE_SF13"]
[Site "?"]
[Date "2008.??.??"]
[Round "2"]
[White "Struzka, Vlastimil"]
[Black "Portych, Vaclav"]
[Result "1/2-1/2"]
[WhiteElo "2117"]
[BlackElo "2187"]
[PlyCount "117"]
[EventDate "2008.??.??"]
[EventType "corr"]
[EventRounds "2"]
[SourceDate "2008.05.08"]

1. d4 Nf6 2. c4 e6 3. Nc3 Bb4 4. e3 O-O 5. Bd2 c5 6. a3 Bxc3 7. Bxc3 cxd4 8.
Qxd4 d5 9. Nf3 Nc6 10. Qd3 Qe7 11. Rd1 Rd8 12. Qc2 e5 13. cxd5 Nxd5 14. Bd3
Nxc3 15. Bxh7+ Kh8 16. Rxd8+ Nxd8 17. bxc3 g6 18. Bxg6 fxg6 19. Qxg6 Nf7 20. h4
Qe6 21. Qh5+ Kg7 22. Rh3 Qh6 23. Rg3+ Kf6 24. Qxh6+ Nxh6 25. Ng5 Bf5 26. e4 Bd7
27. Rd3 Ke7 28. f3 Bc6 29. Kd2 Rh8 30. g4 Ng8 31. h5 Nf6 32. c4 Nxh5 33. gxh5
Rxh5 34. f4 exf4 35. Nh3 Bxe4 36. Rd4 Rxh3 37. Rxe4+ Kd6 38. Rxf4 Rxa3 39. Rf8
Kc5 40. Rc8+ Kd4 41. c5 Ra2+ 42. Kd1 Kd5 43. Rc7 Rb2 44. Kc1 Rb4 45. c6 bxc6
46. Rxa7 Rg4 47. Kc2 Rg3 48. Rh7 Kc4 49. Rh4+ Kb5 50. Rh6 Re3 51. Kc1 Re2 52.
Rh4 c5 53. Rf4 c4 54. Rf3 Kb4 55. Rh3 Ra2 56. Kb1 Rd2 57. Kc1 Rd5 58. Kc2 Rb5
59. Rh7 1/2-1/2